| LEADER |
01021nam0a2200205 450 |
| 001 |
16848524 |
| 010 |
|
|
|a 978-2-07-285220-6
|b br.
|d 18
|
| 100 |
|
|
|a 20241223d2025 u u0frey01 ba
|
| 101 |
0 |
|
|a fre
|
| 102 |
|
|
|a FR
|
| 200 |
0 |
|
|a gens sensibles (Des)
|f Eric Fottorino
|
| 207 |
|
1 |
|a
|
| 210 |
|
|
|a Paris
|b 5 rue Sébastien Bottin.
|c Gallimard
|d 2025
|
| 215 |
|
|
|a 1 vol. (152 p.)
|d 21 x 14 cm
|
| 225 |
1 |
|
|a Blanche
|
| 330 |
|
|
|a Paris, début des années 1990. Jean Foscolani, dit Fosco, est sur le point de publier son premier roman à 20 ans, Des gens sensibles. Il est soutenu par Clara, une attachée de presse qui croit en son talent et lui présente Saïd, un écrivain algérien de 50 ans qui dénonce l'obscurantisme religieux. Le trio, lié par un désir d'amour et de liberté, devient inséparable.
|
| 700 |
|
0 |
|a Fottorino
|b Eric
|c Auteur du texte
|f 1960-....
|4 70
|
| 900 |
|
|
|a Roman
|
| 901 |
|
|
|a Accessible au prêt
|
| 995 |
|
|
|a Bibliothèque
|c Bibliothèque
|f 00156011597416
|h 00156011597416
|k R FOT
|o p
|q a
|r az
|e Bibliothèque
|